| 000 | 00921nam a22002777a 4500 | ||
|---|---|---|---|
| 003 | CHAP | ||
| 005 | 20220329140547.0 | ||
| 008 | 971013s1966 r 00010 d | ||
| 010 | _a53957 | ||
| 011 | _a54929 | ||
| 035 | _a59081 | ||
| 040 | _cCHAP | ||
| 090 | _aFolleto 2965y | ||
| 100 | 0 | 0 |
_aRust, Irwin W. _9100983 |
| 245 | 1 | _aDeben ser más estrictos los requisitos de afiliación a las cooperativas | |
| 260 |
_aMéxico, D. F. : _bCentro Regional de Ayuda Técnica, _c1966 |
||
| 300 | _a12 p. | ||
| 490 |
_aUSDA. For Cooperative Service. Educational Circular _v; 27 |
||
| 590 |
_aBATCH-UPD _b10 _c20130110 _lUCH01 _h0646 |
||
| 590 |
_aCONVERSION _b10 _c20130109 _lUCH01 _h1329 |
||
| 650 | 1 | 4 |
_aSociedades cooperativas _xColima. _9108124 |
| 830 | 0 |
_aUSDA. For Cooperative Service. Educational Circular _v; 27 _9117061 |
|
| 901 | _aBK | ||
| 942 | _cFOLL | ||
| 949 |
_aFolleto 2965y _bBC _cFOLL _d-127898 _eTS1 _i59081 _si |
||
| 999 |
_c53957 _d53957 |
||